000 00282pam a2200133 a 4500
020 _c
041 _h
082 _a658
_bDRU
100 _aBEDEIAN A. G.,
245 _aMANAGEMENT
_hTextual Documents
260 _aLONDON
_bDRYDEN PRESS
_c1989
300 _aXXV+671
930 _a10777
999 _c130222
_d130222